000
00325cam a2200133ua 4500
041
_a
mal
_h
082
_a
894.812301
_b
SIV/NH
100
_a
Sivasankara Pillai, Thakazhi.
245
_a
Nharakkangal /
_c
Thakazhi Sivasankara pillai.
_h
Textual Documents
300
_a
96 ; .
504
_a
942
_c
BK
999
_c
12768
_d
12768